La revolución del hombre en el siglo XX / (Record no. 90787)

MARC details
000 -LEADER
campo de control de longitud fija 00658nam a2200217 i 4500
001 - NÚMERO DE CONTROL
campo de control 90787
003 - IDENTIFICADOR DE NÚMERO DE CONTROL
campo de control ES-MaACL
005 - FECHA Y HORA DE LA ÚLTIMA TRANSACCIÓN
campo de control 20230906180548.0
007 - CAMPO FIJO DE DESCRIPCIÓN FÍSICA--INFORMACIÓN GENERAL
campo de control de longitud fija t|
008 - DATOS DE LONGITUD FIJA--INFORMACIÓN GENERAL
campo de control de longitud fija 050125s1965 sp ||||1| spa d
100 1# - ENTRADA PRINCIPAL--NOMBRE DE PERSONA
Nombre de persona Leclercq, Jacques.
9 (RLIN) 71094
245 13 - MENCIÓN DEL TÍTULO
Título La revolución del hombre en el siglo XX /
Mención de responsabilidad, etc. Jacques Leclercq ; traductor Tomás Alcovero.
250 ## - MENCION DE EDICION
Mención de edición [1ª ed.].
260 ## - PUBLICACIÓN, DISTRIBUCIÓN, ETC.
Lugar de publicación, distribución, etc. Barcelona :
Nombre del editor, distribuidor, etc. Estela,
Fecha de publicación, distribución, etc. [1965]
300 ## - DESCRIPCIÓN FÍSICA
Extensión 221 p. ;
Dimensiones 20 cm.
490 1# - MENCIÓN DE SERIE
Mención de serie Cristianismo y tiempo ;
Designación de volumen o secuencia 28
700 1# - ENTRADA AGREGADA--NOMBRE PERSONAL
Nombre de persona Alcoverro, Tomás.
9 (RLIN) 19590
830 0# - PUNTO DE ACCESO ADICIONAL DE SERIE-TÍTULO UNIFORME
Título uniforme Cristianismo y tiempo ;
Designación de volumen o secuencia 28
9 (RLIN) 181569
852 ## - LOCALIZACIÓN
Ubicación ES-MaACL
Número de control de estantería C-28789
Sublocalización o colección R.57401
Holdings
Estatus retirado Estado de pérdida Estado de daño No para préstamo Biblioteca de origen Biblioteca actual Ubicación en estantería Fecha de adquisición Fuente de adquisición Total de préstamos Signatura topográfica completa Código de barras Visto por última vez Precio de reemplazo Tipo de ítem Koha
        Biblioteca del Ateneo de Madrid Biblioteca del Ateneo de Madrid Depósito 2 17/01/2008     C-28789 1094792 23/02/2023 23/02/2023 Libro impreso